Vybrané problémy strategického řízení podniků v agrokomplexu.

Teoretické aspekty podnikateľskej filozofie, ktorej súčasťou je proces stáleho vytvárania rovnováhy záujmov interných a externých skupín, otázky marketingovej koncepcie podnikania a jej organizačné riešenie v rámci aplikovanej cenovej politiky výrobcov. Aplikácia cenovej politiky na trhu. Vytváranie...

Description complète

Enregistré dans:
Détails bibliographiques
Auteur principal: Julínková, I.
Autres auteurs: Maca, Erich
Format: Chapitre de livre
Langue:tchèque
Sujets:
Tags: Ajouter un tag
Pas de tags, Soyez le premier à ajouter un tag!

MARC

LEADER 00000naa a2200000 4500
001 r008690
005 20220831091149.2
041 0 |a cze 
044 |a [CS] 
245 1 0 |a Vybrané problémy strategického řízení podniků v agrokomplexu.  |c I. Julínková, E. Maca 
520 |a Teoretické aspekty podnikateľskej filozofie, ktorej súčasťou je proces stáleho vytvárania rovnováhy záujmov interných a externých skupín, otázky marketingovej koncepcie podnikania a jej organizačné riešenie v rámci aplikovanej cenovej politiky výrobcov. Aplikácia cenovej politiky na trhu. Vytváranie agrokomplexu založeného na vertikálnej kombinácii a stabilite organizačných a právnych foriem. 
610 2 0 |a riadenie strategické 
610 2 0 |a podnik poľnohospodársky 
610 2 0 |a podnikanie 
610 2 0 |a marketing 
610 2 0 |a politika cenová 
610 2 0 |a trh 
610 2 0 |a agrokomplex 
610 2 0 |a štruktúra organizačná 
100 1 |a Julínková, I. 
700 1 |a Maca, Erich